Study Guide Maness Introduction to Corporate Finance

Gespeichert in:
Bibliographische Detailangaben
1. Verfasser: Pantalone, Coleen C.
Format: Buch
Sprache:Englisch
Veröffentlicht: New York MacGraw-Hill 1988
Ausgabe:1. ed.
Schlagworte:
Tags: Tag hinzufügen
Keine Tags, Fügen Sie das erste Tag hinzu!

MARC

LEADER 00000nam a2200000 4500
001 c002627
005 20221219121232.5
020 |a 0-07-039939-5 
041 0 |a eng 
044 |a US 
245 1 0 |a Study Guide Maness Introduction to Corporate Finance  |c Coleen C. Pantalone 
250 |a 1. ed. 
264 1 |a New York  |b MacGraw-Hill  |c 1988 
300 |a 329 s. 
610 2 0 |a financie podnikové 
610 2 0 |a trh finančný 
610 2 0 |a analýza finančná 
610 2 0 |a plánovanie finančné 
610 2 0 |a oceňovanie 
610 2 0 |a rozhodovanie 
610 2 0 |a investície 
610 2 0 |a papiere cenné 
610 2 0 |a akcie 
610 2 0 |a pôžičky 
610 2 0 |a zdroje finančné 
610 2 0 |a likvidita 
610 2 0 |a fúzie 
610 2 0 |a opcie 
610 2 0 |a financie medzinárodné 
100 1 |a Pantalone, Coleen C.